Mar invisible / (Record no. 1093)

MARC details
000 -LEADER
campo de control de longitud fija 00580nam a22001937a 4500
008 - DATOS DE LONGITUD FIJA--INFORMACIÓN GENERAL
campo de control de longitud fija 161126s2007 gt||||| |||| 00| 0 spa d
020 ## - NÚMERO INTERNACIONAL ESTÁNDAR DEL LIBRO
Número Internacional Estándar del Libro 9789992223666
082 04 - NÚMERO DE LA CLASIFICACIÓN DECIMAL DEWEY
Número de clasificación 861
Número de ítem C512m
100 1# - ENTRADA PRINCIPAL--NOMBRE DE PERSONA
Nombre de persona Chavajay, Pedro.
9 (RLIN) 5627
245 10 - MENCIÓN DEL TÍTULO
Título Mar invisible /
Mención de responsabilidad, etc. Pedro Chavajay.
250 ## - MENCION DE EDICION
Mención de edición 1a ed.
260 ## - PUBLICACIÓN, DISTRIBUCIÓN, ETC.
Lugar de publicación, distribución, etc. Guatemala :
Nombre del editor, distribuidor, etc. Folio 114,
Fecha de publicación, distribución, etc. 2007.
300 ## - DESCRIPCIÓN FÍSICA
Extensión 47 p.
440 #0 - MENCIÓN DE SERIE/PUNTO DE ACCESO ADICIONAL--TÍTULO
Título Colección Nueva Poesía
9 (RLIN) 5628
500 ## - NOTA GENERAL
Nota general Ilustración de portada e interiores por Benvenuto Chavajay.
653 10 - TÉRMINO DE INDIZACIÓN--NO CONTROLADO
Término no controlado Literatura Latinoamericana
653 10 - TÉRMINO DE INDIZACIÓN--NO CONTROLADO
Término no controlado Poesía - Guatemala
653 10 - TÉRMINO DE INDIZACIÓN--NO CONTROLADO
Término no controlado Poesía - Arte
Holdings
Estatus retirado Estado de pérdida Fuente del sistema de clasificación o colocación Estado de daño No para préstamo Biblioteca de origen Biblioteca actual Ubicación en estantería Fecha de adquisición Total de préstamos Signatura topográfica completa Código de barras Visto por última vez Precio de reemplazo Tipo de ítem Koha
    Clasificación Decimal Dewey     Biblioteca LadoV Biblioteca LadoV   26/11/2016   861 C512m 004280 26/11/2016 26/11/2016 Material 01